01397 2200205 4500001002100000005001500021035002000036008004100056245004100097100002400138250000600162260003800168300001200206084001400218082000800232650001000240520091700250990001201167990001201179INLIS00000000000131320240520023227 a0010-0524000548240520 1 ind 1 aTukaran Pacar /cT. Sandi Situmorang aSitumorang, T Sandi a1 aYogyakarta :bSheila/ Andi,c2011 a236 hlm a813 SAN t a813 4aFiksi aCindy Marcindy punya pacar petinju, namanya Rico. Petinju yang benar-benar petinju. Bukan suka main tinju secara keroyokan, tapi petinju professional. Karena itu, Cindy selalu hati-hati bersikap dan bicara. Ia takut kalau-kalau Rico akan melayangkan bogem mentah ke wajah cantiknya. Cindy sering berhayal andai saja ia punya pacar penyanyi, pasti akan lebih menyenangkan. Sella Marsella punya pacar artis, namanya Arlan. Arlan sering manggung dan membuatnya sering tidak menepati janji. Karena itu, Sella jengkel bukan kepalang. Sella jadi jengah dan pengen punya pacar petinju. Pasti lebih menyenangkan, pikir Sella. Dan, keinginan dua gadis itu pun terpenuhi. Mereka berhasil memiliki pacar idaman! Bagaimana caranya? Cindy dan Sella tukaran pacar! Cindy dengan Arlan sementara Sella dengan Rico. Cindy dan Sella pun lega. Tapi, apa benar itu yang mereka inginkan? Apa cinta semudah itu? Simak novel kocak ini. a0741468 a0741469